| 000 | 00830nam a2200217Ia 4500 | ||
|---|---|---|---|
| 008 | 0000002001 us a 0000000000eng00 | ||
| 020 | _a897972260 | ||
| 090 | _aPUS00 E77r | ||
| 100 | 1 |
_aEstes, Richard _d1932 |
|
| 245 | 1 | 0 |
_aRichard Estes _b: recent paintings _c/ design by Roddy Frey |
| 300 |
_a35 p. _c/ 24 cm. |
||
| 500 | _aExposición realizada en la Galería Marlborough, Nueva York, Octubre 24 Noviembre 24, 2001 \ Con el patronazgo del maestro venezolano Jesús Rafael Soto (q.e.p.d.) | ||
| 600 | 0 | 0 |
_a ESTES, RICHARD, 1932/ _xTRABAJOS PICTORICOS |
| 650 | 1 | 4 | _a PINTURA MODERNA ESTADOUNIDENSE |
| 650 | 1 | 4 | _xCATALOGOS |
| 650 | 1 | 4 | _xEXPOSICIONES |
| 650 | 1 | 4 | _aPINTORES ESTADOUNIDENSES |
| 650 | 1 | 4 | _aPINTURA ESTADOUNIDENSE |
| 700 | 1 | _aFery, Roddy | |
| 999 |
_c540 _d540 |
||
| 260 |
_aNew York : Marlborough Gallery _c2001 |
||